02285nam a22002657a 450000500170000001000150001702000230003202000260005503500140008103700130009508200080010810000170011624500970013325000110023026000610024127000640030230000330036650000500039950513650044965000270181470000180184194200220185999900170188195201210189820150817113304.0 aENG-113564 c625.00a0198092245 c625.00a9780198092247 aEN- 97096 bDBAD/PUB a954 aBose, Sugata aModern South Asia :cby Sugata Bose [and] Ayesha Jalalbhistory, culture, poltical economy / a3rd ed aNew Delhi bOxford University Pressc2014 aYMCA Library Buiding, 1 Jai Singh Road, bNew Delhie110001 axvi,274p. :c24cm(pbk)bill. aIncludes bibliographical references and index aSouth Asian history : an introduction -- Modernity and antiquity : interpretations of ancient India -- Pre-modern accommodation of difference : the making of Indo-Islamic cultures -- The Mughal Empire : state, economy, and society -- India between empires : decline or decentralization? -- The transition to colonialism : resistance and collaboration -- The first century of British rule, 1757 to 1857 : state and economy -- Company Raj and Indian society, 1757 to 1857 : reinvention and reform of tradition -- 1857 : rebellion, collaboration, and the transition to Crown Raj -- High noon of colonialism, 1858 to 1914 : state and political economy -- A nation in making? : rational reform, religious revival, and Swadeshi nationalism, 1858 to 1914 -- Colonialism under siege : state and political economy after World War I -- Gandhian nationalism and mass politics : the 1920s -- The depression decade : society, economics, and politics -- Nationalism and colonialism during World War II and its aftermath : economic crisis and political confrontation -- The partition of India and the demand for Pakistan 1947 : its meaning and memory -- Post-colonial South Asia : state and economy, society, and politics, 1947-1971 -- Post-colonial South Asia : state and economy, society, and politics, 1971-2003 -- Decolonizing South Asia : the view from a new millennium. a South Asia xHistory. aJalal, Ayesha 2ddccENmBOSh954 c95109d95109 001040718NFICaDBADbDBADd2015-07-20eDBAD/PUBg625.00l0o954 BOSpEN-97096r2015-07-20 00:00:00t1v625.00yEN